[Event "Russian Championship G13 2016"]
[Site "Loo"]
[Date "2016.04.22"]
[Round "3.5"]
[White "Baiburina, Kamilla"]
[Black "Zelenskaya, Anastasiya"]
[Result "0-1"]
[WhiteElo "1841"]
[BlackElo "1610"]
[PlyCount "114"]
[EventDate "2016.04.20"]

1. e4 c5 2. Nf3 Nc6 3. Bb5 g6 4. O-O Bg7 5. c3 e5 6. d3 d6 7. Be3 Nge7 8. Qc1
O-O 9. Bh6 d5 10. Bxg7 Kxg7 11. exd5 Qxd5 12. Bc4 Qd6 13. Nbd2 f5 14. Re1 Re8
15. Nb3 a6 16. a4 Nd5 17. d4 cxd4 18. cxd4 e4 19. Qd2 Nb6 20. Ne5 Nxe5 21. dxe5
Qxe5 22. Bf1 Be6 23. Nd4 Bf7 24. a5 Nc4 25. Qc3 Rac8 26. Bxc4 Bxc4 27. b3 Bd3
28. Ne6+ Kf6 29. Qxe5+ Kxe5 30. Ng5 h6 31. Nf3+ Kf6 32. Nd4 Red8 33. Ne2 Bxe2
34. Rxe2 Rc3 35. Rb2 f4 36. Re1 e3 37. fxe3 fxe3 38. Rbe2 Rdd3 39. b4 Ke5 40.
g3 Kd4 41. Rf1 Rd2 42. Ree1 Rcc2 43. Rf4+ Kd3 44. Rf7 Rg2+ 45. Kf1 Rgf2+ 46.
Rxf2 Rxf2+ 47. Kg1 Rf5 48. Kg2 Rf2+ 49. Kg1 Rd2 50. h3 Ke4 51. g4 Kf3 52. Rf1+
Rf2 53. Re1 e2 54. Rb1 Rg2+ 55. Kh1 Kf2 56. Rb2 Rg1+ 57. Kh2 Rd1 0-1

[Event "Russian Championship G13 2016"]
[Site "Loo"]
[Date "2016.04.22"]
[Round "3.6"]
[White "Mikhailova, Yuliya"]
[Black "Stepanyan, Eva"]
[Result "0-1"]
[WhiteElo "1644"]
[BlackElo "1737"]
[PlyCount "144"]
[EventDate "2016.04.20"]

1. d4 Nf6 2. Nf3 e6 3. Bf4 b6 4. e3 Bb7 5. Bd3 Be7 6. h3 O-O 7. O-O d6 8. Nbd2
c5 9. c3 cxd4 10. exd4 Nbd7 11. Qc2 h6 12. Rad1 Rc8 13. Qb1 Nd5 14. Bg3 a6 15.
a4 N7f6 16. Rfe1 Qd7 17. Qa2 Rfd8 18. Rc1 Nh5 19. Bh2 Nhf4 20. Bf1 b5 21. axb5
axb5 22. Qb3 Bc6 23. Ra1 Ra8 24. Reb1 Ng6 25. Qc2 Qb7 26. Nb3 Qb6 27. Nc1 Rdc8
28. Qd1 Qc7 29. Nd3 Qd7 30. Be2 Nb6 31. Nb4 Be4 32. Rc1 Na4 33. Qd2 Bxf3 34.
gxf3 Rab8 35. Bf1 Nh4 36. Qe2 Qb7 37. Bg2 Nxg2 38. Kxg2 Qd7 39. Re1 Rb7 40. Nd3
Ra8 41. b3 Nb6 42. Rxa8+ Nxa8 43. Ra1 Ra7 44. Rxa7 Qxa7 45. Nb4 Qb7 46. Qe4
Qxe4 47. fxe4 g5 48. Nc6 Kf8 49. Kf3 h5 50. Kg3 Ke8 51. Nxe7 Kxe7 52. Kf3 Nb6
53. Ke3 f5 54. exf5 exf5 55. Kd3 d5 56. f3 f4 57. h4 Kf6 58. Kc2 Nc8 59. Kb2
Na7 60. Kc2 Nc6 61. Kd3 Na5 62. Kc2 Kf5 63. hxg5 Kxg5 64. Kb2 Kf5 65. Ka3 Nc6
66. Bg1 h4 67. Bh2 h3 68. Kb2 Nd8 69. Ka3 Ne6 70. Kb4 Ng5 71. Kxb5 Nxf3 72.
Bxf4 Kxf4 0-1

[Event "Russian Championship G13 2016"]
[Site "Loo"]
[Date "2016.04.22"]
[Round "3.7"]
[White "Bondareva, Daria"]
[Black "Slesareva, Miraslava"]
[Result "1-0"]
[WhiteElo "1601"]
[BlackElo "1711"]
[PlyCount "69"]
[EventDate "2016.04.20"]

1. e4 c6 2. d4 d5 3. exd5 cxd5 4. c4 Nf6 5. Nc3 g6 6. cxd5 Nxd5 7. Qb3 Nb6 8.
d5 Bg7 9. Be3 O-O 10. Rd1 Na6 11. Be2 Bd7 12. Nf3 Rc8 13. Rc1 Be8 14. O-O f5
15. Ng5 Qd6 16. Ne6 Rf7 17. Nb5 Qb8 18. Nxa7 Rxc1 19. Rxc1 Qxa7 20. Rc8 Nxc8
21. Bxa7 Nd6 22. Bxa6 bxa6 23. Qb8 h5 24. Bc5 Bf8 25. Bxd6 exd6 26. Qxe8 a5 27.
a4 Rf6 28. Kf1 Rf7 29. Qa8 f4 30. Qe8 Rf6 31. Nxf8 Rxf8 32. Qxg6+ Kh8 33. Qxh5+
Kg7 34. Qg5+ Kf7 35. Qxf4+ 1-0

[Event "Russian Championship G13 2016"]
[Site "Loo"]
[Date "2016.04.22"]
[Round "3.8"]
[White "Konova, Polina"]
[Black "Tereshechkina, Taisiya"]
[Result "1/2-1/2"]
[WhiteElo "1385"]
[BlackElo "1679"]
[PlyCount "135"]
[EventDate "2016.04.20"]

1. e4 d6 2. d4 Nf6 3. Bd3 Nbd7 4. Nf3 e5 5. d5 Be7 6. O-O O-O 7. h3 c6 8. c4
Re8 9. Nc3 Nf8 10. Nh2 Ng6 11. f4 Nxf4 12. Bxf4 exf4 13. Rxf4 c5 14. Ne2 Nh5
15. Rf3 Bg5 16. Ng3 Nxg3 17. Rxg3 Bf4 18. Rf3 Be5 19. Rb1 Qg5 20. Kh1 Bd7 21.
Qe2 Re7 22. Rbf1 Rae8 23. b3 Rf8 24. Qe1 Qh6 25. R1f2 g6 26. Qa5 g5 27. Qd2 Qh5
28. g4 Qh6 29. Rg2 Bd4 30. Nf1 Rfe8 31. Ne3 Bxe3 32. Qxe3 Re5 33. Kh2 f5 34.
gxf5 Rxf5 35. Rxf5 Bxf5 36. Rxg5+ Bg6 37. Rg3 Qxe3 38. Rxe3 Re5 39. Kg3 Kg7 40.
Kf4 Kf6 41. Be2 h6 42. h4 Bh7 43. Bd3 Bg6 44. Rg3 Bh7 45. Rg4 Bg6 46. Ke3 a5
47. Kd2 b6 48. Kc2 h5 49. Rf4+ Kg7 50. Kb2 Re7 51. Ka3 Be8 52. Rf5 Bg6 53. Rf2
Re5 54. Rf4 Re7 55. Kb2 Re5 56. Kc2 Re7 57. Kc3 Rf7 58. Rxf7+ Kxf7 59. Kd2 Kf6
60. Ke3 Ke5 61. Be2 Be8 62. a3 Bf7 63. Kf3 Bg6 64. Ke3 Bf7 65. Bf3 Bg6 66. Bg2
Be8 67. Bh3 Bg6 68. Bg2 1/2-1/2

[Event "Russian Championship G13 2016"]
[Site "Loo"]
[Date "2016.04.22"]
[Round "3.9"]
[White "Nasybullina, Dayana"]
[Black "Kasaeva, Sofiia"]
[Result "1-0"]
[WhiteElo "1652"]
[BlackElo "1514"]
[PlyCount "117"]
[EventDate "2016.04.20"]

1. e4 e5 2. Nf3 Nc6 3. Bb5 a6 4. Ba4 Nf6 5. d4 exd4 6. O-O b5 7. Bb3 d6 8. Ng5
d5 9. exd5 Ne7 10. d6 Ned5 11. Qe2+ Kd7 12. Nxf7 Qe8 13. Qxe8+ Kxe8 14. Nxh8
Bxd6 15. Bg5 Bb7 16. Nd2 Kf8 17. Nf3 c5 18. Bxd5 Bxd5 19. Nh4 Kg8 20. Nf5 Rd8
21. Rfe1 Kxh8 22. Nxd6 Rxd6 23. Bxf6 gxf6 24. Re7 Re6 25. Rxe6 Bxe6 26. a4 b4
27. Kf1 Bf5 28. Rc1 c4 29. Ke2 Bd7 30. b3 d3+ 31. cxd3 cxb3 32. a5 Bb5 33. Rb1
Ba4 34. Ke3 Kg7 35. Kd4 Kf7 36. Kc5 b2 37. Rxb2 b3 38. Kb4 Bc6 39. g3 Bd5 40.
Rxb3 Bxb3 41. Kxb3 Ke6 42. Kc4 Kd6 43. d4 Kc6 44. g4 Kd6 45. f4 Kc6 46. d5+ Kd6
47. Kd4 Kd7 48. Kc5 Kc7 49. h4 Kd7 50. g5 fxg5 51. hxg5 Kd8 52. Kd6 Kc8 53. Ke7
h6 54. gxh6 Kb8 55. d6 Kb7 56. d7 Ka7 57. d8=Q Kb7 58. h7 Ka7 59. h8=R 1-0

[Event "Russian Championship G13 2016"]
[Site "Loo"]
[Date "2016.04.22"]
[Round "3.10"]
[White "Davydova, Kira"]
[Black "Bandurina, Sofiya"]
[Result "1/2-1/2"]
[WhiteElo "1762"]
[BlackElo "1558"]
[PlyCount "124"]
[EventDate "2016.04.20"]

1. d4 Nf6 2. Nf3 g6 3. Bg5 Bg7 4. c3 d6 5. Nbd2 Nbd7 6. e4 e5 7. dxe5 dxe5 8.
Qc2 h6 9. Bh4 g5 10. Bg3 Nh5 11. Be2 Nxg3 12. hxg3 Qe7 13. Nc4 b6 14. Ne3 Bb7
15. Nf5 Qf6 16. Bb5 c6 17. O-O-O Bf8 18. Be2 O-O-O 19. Nh2 h5 20. Nf1 Bc5 21.
Rxh5 Rxh5 22. Bxh5 Kc7 23. N1e3 Bxe3+ 24. Nxe3 Rh8 25. Bg4 Nb8 26. Bf5 Bc8 27.
Ng4 Qe7 28. Bxc8 Kxc8 29. Qd3 Nd7 30. Qf3 Rd8 31. Nh6 f6 32. Nf5 Qe6 33. Kb1
Nc5 34. Rxd8+ Kxd8 35. Qd1+ Qd7 36. Qxd7+ Kxd7 37. f3 Nb7 38. Kc2 Nd6 39. Ne3
a6 40. Kd3 Ke6 41. Nc2 c5 42. Ne3 b5 43. Nd5 Ne8 44. f4 Kd6 45. fxg5 fxg5 46.
Ke3 g4 47. Kd2 Kd7 48. b3 Kd6 49. Kd3 Kd7 50. a3 Kd6 51. c4 Kd7 52. Kc3 Kc6 53.
b4 bxc4 54. Kxc4 Nd6+ 55. Kd3 cxb4 56. axb4 Kb5 57. Nc7+ Kb6 58. Nd5+ Kb5 59.
Nc7+ Kb6 60. Nd5+ Kb5 61. Nc7+ Kb6 62. Nd5+ Kb5 1/2-1/2

[Event "Russian Championship G13 2016"]
[Site "Loo"]
[Date "2016.04.22"]
[Round "3.11"]
[White "Shumakova, Svetlana"]
[Black "Sumarokova, Alina"]
[Result "0-1"]
[WhiteElo "1589"]
[BlackElo "1780"]
[PlyCount "80"]
[EventDate "2016.04.20"]

1. d4 Nf6 2. Nf3 e6 3. e3 c5 4. Bd3 b6 5. O-O Bb7 6. c4 Nc6 7. Nc3 Be7 8. a3
Nb8 9. Re1 d6 10. d5 O-O 11. h3 Kh8 12. e4 e5 13. Nh2 Nbd7 14. b3 Bc8 15. Ra2
Ne8 16. Rf1 Bg5 17. Ng4 Bxc1 18. Qxc1 Nef6 19. f3 Nh5 20. Ne2 Nhf6 21. Ng3 g6
22. a4 Nxg4 23. hxg4 Qh4 24. Kf2 f5 25. Rh1 Qe7 26. gxf5 g5 27. Nf1 g4 28. fxg4
Rg8 29. Be2 Nf6 30. Qe3 Rxg4 31. Bf3 Rxe4 32. Qg5 Rf4 33. Kg1 Rxf5 34. Qg6 Bd7
35. Ne3 Rxf3 36. Qh6 Rg8 37. Re2 Qg7 38. Qxg7+ Rxg7 39. Kh2 Rfg3 40. Rg1 Rxe3
0-1

[Event "Russian Championship G13 2016"]
[Site "Loo"]
[Date "2016.04.22"]
[Round "3.12"]
[White "Markova, Anna"]
[Black "Ershova, Sofya"]
[Result "0-1"]
[WhiteElo "1567"]
[BlackElo "1762"]
[PlyCount "152"]
[EventDate "2016.04.20"]

1. c4 e5 2. Nc3 Bb4 3. Nd5 Be7 4. g3 d6 5. Bg2 Nf6 6. Nxf6+ Bxf6 7. e4 O-O 8.
Ne2 Nc6 9. O-O Be7 10. a3 Rb8 11. d3 f5 12. f4 Qe8 13. Be3 Bf6 14. Rb1 b6 15.
fxe5 Bxe5 16. Qd2 Ne7 17. Bg5 Bf6 18. Bxf6 Rxf6 19. Nf4 fxe4 20. Bxe4 Bb7 21.
Bxb7 Rxb7 22. Rfe1 Qf7 23. Qg2 Rb8 24. Re2 Ng6 25. Nd5 Re6 26. Rf2 Qd7 27. Rbf1
Rf8 28. Rxf8+ Nxf8 29. Qf2 Ng6 30. Qf5 c6 31. Nb4 Re7 32. Qxd7 Rxd7 33. Nxc6
Rc7 34. Nd4 Ne5 35. Nb5 Rd7 36. Rd1 a6 37. Nc3 Rb7 38. d4 Nxc4 39. Rb1 Nd2 40.
Rd1 Nc4 41. Rb1 Nd2 42. Rd1 Nc4 43. Rb1 Re7 44. Kf2 Re3 45. Rd1 Re6 46. Rb1 Re3
47. Rd1 Re6 48. Rb1 Rh6 49. Kg2 Re6 50. b3 Nxa3 51. Rb2 Nb5 52. Ne2 Re3 53. d5
Rd3 54. Nf4 Rd4 55. Rf2 Nc7 56. Kf1 Nxd5 57. Ne6 Rd1+ 58. Kg2 Nf6 59. g4 Re1
60. Ng5 Nxg4 61. Rd2 h6 62. Nf3 Re6 63. h3 Nf6 64. Rc2 Ne4 65. Rc8+ Kf7 66. Rc6
d5 67. Rc7+ Kf6 68. Nd4 Rd6 69. Rc8 Nc5 70. Rf8+ Ke5 71. Nf3+ Ke4 72. Nd2+ Kd3
73. Rf2 Rg6+ 74. Kf1 Rf6 75. Nf3 Ne4 76. Ne1+ Kc3 0-1

[Event "Russian Championship G13 2016"]
[Site "Loo"]
[Date "2016.04.22"]
[Round "3.13"]
[White "Murzina, Agata"]
[Black "Zaripova, Arina"]
[Result "1-0"]
[WhiteElo "1752"]
[BlackElo "1624"]
[PlyCount "133"]
[EventDate "2016.04.20"]

1. e4 c5 2. Nf3 d6 3. Bb5+ Nd7 4. c4 Ngf6 5. Nc3 g6 6. d4 cxd4 7. Nxd4 Bg7 8.
O-O O-O 9. Bg5 a6 10. Ba4 h6 11. Bh4 Ne5 12. Bb3 Bg4 13. f3 Bd7 14. f4 Nc6 15.
Nxc6 bxc6 16. f5 g5 17. Bg3 a5 18. h4 Nh7 19. hxg5 hxg5 20. Qh5 Qb6+ 21. Bf2
Bd4 22. Rad1 Bxf2+ 23. Rxf2 Qc5 24. Rd3 Qe5 25. Rh3 Qg7 26. Qe2 e6 27. g4 exf5
28. Rfh2 Nf6 29. Rh8+ Qxh8 30. Rxh8+ Kxh8 31. Qh2+ Kg7 32. gxf5 Rfd8 33. Qg3
Kh7 34. Qxd6 Kg7 35. e5 Ng4 36. f6+ Kg8 37. Qd2 Be6 38. Qxg5+ Kf8 39. Ba4 Rac8
40. Ne4 Ke8 41. Nd6+ Rxd6 42. exd6 Kd7 43. Bd1 Nxf6 44. Qxf6 Kxd6 45. Bb3 Rg8+
46. Kf2 Rg6 47. Qd4+ Ke7 48. Qc5+ Kd7 49. Ba4 Rf6+ 50. Ke3 Bh3 51. Qa7+ Kd6 52.
c5+ Kd5 53. Bb3+ Ke5 54. Qxa5 Be6 55. Qc3+ Kf5 56. Bc2+ Kg5 57. Qe5+ Bf5 58.
Qf4+ Kg6 59. Qg4+ Kh7 60. Bxf5+ Kh8 61. Qg5 Rg6 62. Bxg6 fxg6 63. Kf4 Kh7 64.
Ke5 Kg7 65. Ke6 Kh7 66. Kf7 Kh8 67. Qh6# 1-0

[Event "Russian Championship G13 2016"]
[Site "Loo"]
[Date "2016.04.22"]
[Round "3.14"]
[White "Mironenko, Galina"]
[Black "Nur-Mukhametova, Alisa"]
[Result "1-0"]
[WhiteElo "1731"]
[BlackElo "1570"]
[PlyCount "145"]
[EventDate "2016.04.20"]

1. e3 e5 2. b3 Nf6 3. Bb2 d6 4. c4 Be7 5. Nc3 c6 6. d3 Be6 7. Nf3 h6 8. Be2 O-O
9. O-O Nbd7 10. Rc1 a6 11. Qc2 Rc8 12. d4 b5 13. Rfd1 Qb6 14. c5 dxc5 15. dxe5
Nd5 16. e4 Nf4 17. Qd2 Ng6 18. Qe3 Qb8 19. Rc2 Ndxe5 20. Nxe5 Nxe5 21. f4 Ng4
22. Qg3 Nf6 23. e5 Nd5 24. Bd3 Nb4 25. Rcd2 Nxd3 26. Rxd3 Bf5 27. Rf3 h5 28.
Ne2 h4 29. Qf2 Rfd8 30. Ra1 Bg4 31. Re3 c4 32. h3 Bxe2 33. Rxe2 Rd3 34. bxc4
bxc4 35. Rc1 Qb5 36. Kh2 Rcd8 37. Rec2 a5 38. a4 Qxa4 39. Rxc4 Qb5 40. R4c2 Qd5
41. Qa7 Bf8 42. Qc7 Rd2 43. Rxd2 Qxd2 44. Rf1 Qd5 45. f5 Qb5 46. Rf2 Rb8 47.
Rd2 Qb6 48. Qd7 Rb7 49. Qd3 Bb4 50. Rc2 c5 51. Qe4 Rb8 52. f6 Qb7 53. Qxh4 Qb6
54. Qg5 Kf8 55. Qxg7+ Ke8 56. Qg8+ Kd7 57. Qxf7+ Kc8 58. Qe8+ Qd8 59. f7 c4 60.
Rxc4+ Kb7 61. Qc6+ Ka7 62. Bd4+ Rb6 63. Bxb6+ Qxb6 64. Qxb6+ Kxb6 65. Rxb4+
axb4 66. f8=Q Ka5 67. Qa8+ Kb5 68. e6 Kc4 69. e7 b3 70. e8=Q Kc3 71. Qe3+ Kc2
72. Qae4+ Kb2 73. Qb4 1-0

[Event "Russian Championship G13 2016"]
[Site "Loo"]
[Date "2016.04.22"]
[Round "3.15"]
[White "Dubnikova, Anastasia"]
[Black "Kirchei, Viktoriia"]
[Result "1-0"]
[WhiteElo "1686"]
[BlackElo "1569"]
[PlyCount "167"]
[EventDate "2016.04.20"]

1. d4 d5 2. c4 e6 3. Nc3 c6 4. cxd5 exd5 5. Qc2 Bd6 6. Nf3 Nf6 7. Bg5 O-O 8. e3
Re8 9. Bd3 h6 10. Bh4 Nbd7 11. O-O Qc7 12. Rfc1 a6 13. Rab1 b6 14. b4 Ra7 15.
Qe2 Qb8 16. Na4 Qb7 17. Qc2 b5 18. Bxf6 Nxf6 19. Nc5 Qc7 20. h3 Qb6 21. a3 Rae7
22. Nb3 Bb7 23. Na5 Ba8 24. Rb3 Rc7 25. Rc3 Nd7 26. Nxc6 Kh8 27. Na5 Rec8 28.
Qb2 Rxc3 29. Rxc3 Rxc3 30. Qxc3 Qb8 31. Nh4 Nb6 32. Nf5 Bc7 33. Nc6 Qe8 34. Ne5
Nc4 35. Nxc4 dxc4 36. Bc2 Be4 37. Nh4 Bb7 38. Nf3 a5 39. a4 Bc6 40. axb5 Bxb5
41. bxa5 Qd8 42. Ne5 Qe8 43. Be4 Ba6 44. Bc6 Qe6 45. Bd7 Qe7 46. Bg4 Bxe5 47.
dxe5 Qc5 48. e6 fxe6 49. Bxe6 Qd6 50. Bg4 Qb8 51. Bf3 Qb1+ 52. Kh2 Qb8+ 53. g3
Qc7 54. Be4 Qc5 55. Qb2 Qc7 56. Qb4 Qc8 57. Qe7 Qb8 58. Bc2 Qa8 59. Qf7 Qc8 60.
Qg6 Kg8 61. Bf5 Qa8 62. Be6+ Kh8 63. Bf5 Kg8 64. Qe6+ Kh8 65. Be4 Qc8 66. Qxc8+
Bxc8 67. Kg2 Ba6 68. Kf1 Kg8 69. Ke1 Kf8 70. Kd2 Ke7 71. Bd5 Kd6 72. Bg8 Kc5
73. Kc3 Bb5 74. e4 Ba6 75. f4 Bb5 76. e5 Ba6 77. f5 Bb5 78. g4 Ba6 79. h4 Bb5
80. g5 hxg5 81. hxg5 Ba6 82. f6 gxf6 83. exf6 Bb5 84. f7 1-0

[Event "Russian Championship G13 2016"]
[Site "Loo"]
[Date "2016.04.22"]
[Round "3.16"]
[White "Lintsova, Liliya"]
[Black "Zyapaeva, Polina"]
[Result "1/2-1/2"]
[WhiteElo "1557"]
[BlackElo "1650"]
[PlyCount "109"]
[EventDate "2016.04.20"]

1. d4 Nf6 2. Nf3 g6 3. Bf4 d6 4. e3 Bg7 5. Nbd2 Bf5 6. Be2 Nbd7 7. h3 Nb6 8. a3
h5 9. b4 Nbd5 10. Bh2 Nc3 11. Qc1 Nxe2 12. Kxe2 Rc8 13. Rb1 Ne4 14. Rb3 Qd7 15.
Nxe4 Bxe4 16. Bf4 Qc6 17. c4 b5 18. c5 Bd5 19. Rb1 Bc4+ 20. Ke1 Qe4 21. Qd1
dxc5 22. bxc5 O-O 23. Rh2 Qb7 24. g4 Be6 25. gxh5 Bf5 26. Rb2 Qa6 27. Qb3 Qa5+
28. Ke2 Be6 29. Qb4 Qxb4 30. Rxb4 a5 31. Rb1 gxh5 32. Rg1 Bf5 33. Nh4 Bg6 34.
Nxg6 fxg6 35. Rxg6 Kf7 36. Rg1 c6 37. Rhg2 Bf6 38. Bg5 Rg8 39. Bxf6 Rxg2 40.
Rxg2 Kxf6 41. Kd3 Rb8 42. f4 e6 43. Rg5 Rh8 44. e4 h4 45. Rg4 Kf7 46. d5 cxd5
47. exd5 exd5 48. Kd4 Ke6 49. Rg5 Rd8 50. Re5+ Kf6 51. Rxd5 Rc8 52. Rh5 Rd8+
53. Rd5 Rc8 54. Rh5 Rd8+ 55. Rd5 1/2-1/2

[Event "Russian Championship G13 2016"]
[Site "Loo"]
[Date "2016.04.22"]
[Round "3.17"]
[White "Kamaeva, Dzhamilya"]
[Black "Shpakivskaya, Alina"]
[Result "0-1"]
[WhiteElo "1491"]
[BlackElo "1634"]
[PlyCount "72"]
[EventDate "2016.04.20"]

1. d4 e6 2. Nf3 d5 3. e3 Nf6 4. b3 Bd6 5. Bb2 O-O 6. Bd3 Nbd7 7. O-O b6 8. Ne5
Bb7 9. f4 c5 10. Qe1 h6 11. Nd2 Bxe5 12. fxe5 Nh7 13. Qg3 a6 14. c4 Bc6 15.
cxd5 Bxd5 16. Ba3 Bc6 17. Rac1 f6 18. Qg6 Ng5 19. h4 Nxe5 20. dxe5 Be8 21. Qxe8
Rxe8 22. Bg6 Rf8 23. Nc4 Nh7 24. Rfd1 Qc7 25. Nd6 fxe5 26. b4 Qe7 27. Be4 Rad8
28. bxc5 bxc5 29. Bxc5 Qxh4 30. Bb7 Qf2+ 31. Kh1 Ng5 32. Bb6 Qh4+ 33. Kg1 Nh3+
34. gxh3 Qg3+ 35. Kh1 Rf2 36. Rc2 Qh2# 0-1

[Event "Russian Championship G13 2016"]
[Site "Loo"]
[Date "2016.04.22"]
[Round "3.18"]
[White "Pakeeva, Namlana"]
[Black "Yakimova, Mariya"]
[Result "0-1"]
[WhiteElo "1447"]
[BlackElo "1631"]
[PlyCount "68"]
[EventDate "2016.04.20"]

1. e4 c5 2. Nf3 d6 3. d4 cxd4 4. Nxd4 Nf6 5. Nc3 a6 6. h3 e5 7. Nde2 h5 8. g3
Be7 9. Bg2 b5 10. O-O Bb7 11. Nd5 Nxd5 12. exd5 Nd7 13. a3 Rc8 14. Nc3 f5 15.
Qf3 g6 16. Qe2 Nf6 17. Be3 h4 18. Rad1 Qd7 19. Bg5 hxg3 20. fxg3 Nxd5 21. Bxd5
Bxd5 22. Nxd5 Bxg5 23. Nb6 Rxc2 24. Qxc2 Be3+ 25. Kh2 Bxb6 26. Rfe1 e4 27. Qd2
Bc7 28. Rc1 d5 29. Rh1 f4 30. Kg2 f3+ 31. Kf1 Rxh3 32. Rxh3 Qxh3+ 33. Ke1 Qh1+
34. Kf2 Bb6+ 0-1

[Event "Russian Championship G13 2016"]
[Site "Loo"]
[Date "2016.04.22"]
[Round "3.19"]
[White "Maltseva, Ekaterina"]
[Black "Ochirova, Anita"]
[Result "0-1"]
[WhiteElo "1520"]
[BlackElo "1627"]
[PlyCount "144"]
[EventDate "2016.04.20"]

1. e4 Nc6 2. Nf3 d5 3. exd5 Qxd5 4. d4 Bg4 5. Be2 O-O-O 6. c4 Qh5 7. d5 e6 8.
O-O Ne5 9. Nd4 Bxe2 10. Nxe2 Nxc4 11. Qc2 exd5 12. b3 Nd6 13. Bb2 Qf5 14. Qd2
Ne4 15. Qa5 a6 16. Ng3 Qg6 17. Nxe4 dxe4 18. Nc3 Bd6 19. b4 Ne7 20. Qa4 Be5 21.
b5 Bxc3 22. Bxc3 Nd5 23. Be5 Rhg8 24. bxa6 Qxa6 25. Qxe4 Qe6 26. Qd4 f6 27. Bg3
Nb6 28. Qc3 Qc4 29. Qa5 Rd5 30. Qe1 Rd7 31. Qb1 Qd3 32. Qc1 Rgd8 33. h3 Nc4 34.
Bf4 g5 35. Bg3 Nd2 36. Re1 Ne4 37. Rb1 Nxg3 38. fxg3 Qxg3 39. Qb2 b6 40. Qxf6
Qf4 41. Qc6 Qd4+ 42. Kh1 Qd5 43. Rxb6 Qxc6 44. Rxc6 Rd2 45. Rec1 Rd1+ 46. Rxd1
Rxd1+ 47. Kh2 Ra1 48. Rc2 Kd7 49. Kg3 h5 50. Kf3 Kd6 51. Ke4 Rf1 52. Ke3 c5 53.
Ke2 Ra1 54. Kd2 Kd5 55. Kd3 c4+ 56. Rxc4 Rxa2 57. Rc2 Rxc2 58. Kxc2 Ke4 59. Kd2
Kf4 60. Ke2 Kg3 61. Kf1 Kh2 62. Kf2 g4 63. hxg4 hxg4 64. g3 Kh3 65. Kf1 Kxg3
66. Kg1 Kf3 67. Kh1 g3 68. Kg1 g2 69. Kh2 Kf2 70. Kh3 g1=Q 71. Kh4 Qg6 72. Kh3
Qg3# 0-1

[Event "Russian Championship G13 2016"]
[Site "Loo"]
[Date "2016.04.22"]
[Round "3.20"]
[White "Vorobyova, Ekaterina"]
[Black "Rybakova, Anastasiya"]
[Result "1-0"]
[WhiteElo "1625"]
[BlackElo "1562"]
[PlyCount "51"]
[EventDate "2016.04.20"]

1. d4 e6 2. Nf3 d5 3. e3 Nf6 4. Bd3 Bd6 5. b3 c5 6. Nbd2 Nc6 7. a3 e5 8. dxe5
Nxe5 9. Nxe5 Bxe5 10. Rb1 O-O 11. Nf3 Bg4 12. O-O Qc7 13. h3 Bxf3 14. Qxf3 Rfe8
15. c4 Ne4 16. cxd5 Nc3 17. Rb2 Rad8 18. e4 Qe7 19. Rc2 Bd6 20. Bf4 Nxe4 21.
Re2 f5 22. Bxd6 Qxd6 23. Qxf5 Nf6 24. Rfe1 Rxe2 25. Rxe2 Qxd5 26. Bc4 1-0

[Event "Russian Championship G13 2016"]
[Site "Loo"]
[Date "2016.04.22"]
[Round "3.21"]
[White "Plekhanova, Ekaterina"]
[Black "Deminova, Maria"]
[Result "0-1"]
[WhiteElo "1572"]
[BlackElo "1541"]
[PlyCount "86"]
[EventDate "2016.04.20"]

1. e4 c5 2. Nf3 e6 3. d4 cxd4 4. Nxd4 a6 5. Bd3 Qc7 6. O-O Nf6 7. Qe2 d6 8. c4
Nbd7 9. b3 Nc5 10. Bc2 Be7 11. Bb2 O-O 12. Nc3 b6 13. Rae1 Bb7 14. f4 Rad8 15.
Kh1 Rfe8 16. e5 dxe5 17. fxe5 Rxd4 18. exf6 Rh4 19. Qe5 Bd6 20. Qg5 Rxh2+ 21.
Kg1 Rxg2+ 22. Qxg2 Bxg2 23. Kxg2 Bh2 24. Re3 Rd8 25. Nb1 g6 26. Rh3 Be5 27. Bc1
h5 28. Bxg6 fxg6 29. f7+ Kf8 30. Rg3 Kg7 31. Rgf3 Rf8 32. Nd2 Qb7 33. Kg1 Qd7
34. Kg2 Qd4 35. b4 Qg4+ 36. Kf2 Nd7 37. Ba3 Rxf7 38. Rxf7+ Kxf7 39. Ke3+ Kg8
40. Ne4 Qh3+ 41. Rf3 Bd4+ 42. Ke2 Qh2+ 43. Nf2 Ne5 0-1

[Event "Russian Championship G13 2016"]
[Site "Loo"]
[Date "2016.04.22"]
[Round "3.22"]
[White "Gaer, Margarita"]
[Black "Komendrovskaya, Olga"]
[Result "0-1"]
[WhiteElo "1494"]
[BlackElo "1557"]
[PlyCount "142"]
[EventDate "2016.04.20"]

1. d4 d5 2. Bf4 e6 3. e3 Bd6 4. Nf3 Bxf4 5. exf4 Ne7 6. Bd3 Nd7 7. Nbd2 b6 8.
O-O O-O 9. Ne5 Nf6 10. g4 Bb7 11. Qf3 Ng6 12. Rae1 Nd7 13. Nxg6 hxg6 14. g5 c5
15. c3 c4 16. Bxc4 Qc7 17. Bd3 Rfe8 18. Qg3 Kf8 19. Nf3 Ke7 20. Ne5 Rh8 21. Qg4
Nxe5 22. Rxe5 Bc8 23. Rfe1 Qd7 24. Qf3 Kd6 25. c4 Bb7 26. c5+ bxc5 27. dxc5+
Kxc5 28. Qe3+ Kd6 29. b4 Rhc8 30. Bxg6 Kc7 31. Bb1 Kb8 32. Rd1 d4 33. Qe1 Bf3
34. Rc1 Rxc1 35. Qxc1 f6 36. Rc5 fxg5 37. Rxg5 Kb7 38. a4 Rc8 39. Rb5+ Qxb5 40.
Qxc8+ Kxc8 41. axb5 Be2 42. f3 Bxf3 43. Kf2 Bg4 44. Bd3 Kc7 45. Kg3 Bf5 46. Bc4
Kb6 47. Kf3 Kc7 48. Kg3 Kd6 49. Kf2 e5 50. fxe5+ Kxe5 51. Kf3 Be4+ 52. Ke2 Kf4
53. Kf2 Kg4 54. Bf1 Kf4 55. Bc4 d3 56. Be6 Bf3 57. Bc4 d2 58. Be2 d1=Q 59. Bxd1
Bxd1 60. h3 g5 61. Kg2 Be2 62. Kf2 Bxb5 63. Kg2 Bd7 64. Kh2 Ke4 65. Kg3 Kd4 66.
h4 gxh4+ 67. Kxh4 Kc4 68. Kg3 Kxb4 69. Kf2 Kb3 70. Ke2 Kb2 71. Kd2 a5 0-1

[Event "Russian Championship G13 2016"]
[Site "Loo"]
[Date "2016.04.22"]
[Round "3.25"]
[White "Ibragimova, Gulnaz"]
[Black "Loskutova, Viktoriya"]
[Result "0-1"]
[WhiteElo "1412"]
[BlackElo "1820"]
[PlyCount "114"]
[EventDate "2016.04.20"]

1. e4 c5 2. Nf3 g6 3. d4 cxd4 4. Nxd4 Bg7 5. Nc3 Nc6 6. Nf3 Nf6 7. Bc4 O-O 8.
O-O a6 9. a4 d6 10. h3 b6 11. Re1 Qc7 12. Be3 Na5 13. Bd5 Rb8 14. e5 dxe5 15.
Nxe5 e6 16. Ba2 Qxe5 17. Bxb6 Qg5 18. Bd4 Bb7 19. f3 Nc6 20. Be3 Qg3 21. Ne2
Qe5 22. Bf4 Qc5+ 23. Kh1 Rbd8 24. Qc1 Nd5 25. Bg5 Rc8 26. Nf4 Nxf4 27. Bxf4 Nb4
28. Bb3 Nxc2 29. Bxc2 Qxc2 30. Bd6 Rfd8 31. Ba3 Rd2 32. Qxc2 Rcxc2 33. Rad1
Bxb2 34. Rxd2 Rxd2 35. Be7 Rc2 36. Rd1 Rc1 37. Rxc1 Bxc1 38. Kg1 a5 39. Kf2 Bd2
40. Ke2 Bc3 41. Ba3 Bc6 42. Kd3 Be1 43. Kc4 Bxa4 44. f4 Bg3 45. Bc1 Bc6 46. Kc5
Bxg2 47. Bd2 Bxh3 48. Kb5 Bf1+ 49. Kxa5 h5 50. Be3 h4 51. Kb4 h3 52. Bg1 Bxf4
53. Kc3 h2 54. Bxh2 Bxh2 55. Kd4 e5+ 56. Ke4 f5+ 57. Kf3 Kf7 0-1

[Event "Russian Championship G13 2016"]
[Site "Loo"]
[Date "2016.04.22"]
[Round "3.27"]
[White "Strizhnyova, Anna"]
[Black "Galushko, Karina"]
[Result "0-1"]
[WhiteElo "1523"]
[BlackElo "1404"]
[PlyCount "134"]
[EventDate "2016.04.20"]

1. c4 e6 2. Nc3 d5 3. cxd5 exd5 4. e3 Nf6 5. Nf3 Bf5 6. g3 Nc6 7. a3 Bd6 8. Bg2
O-O 9. O-O Bg4 10. Qe1 Qd7 11. b4 Rfe8 12. Ne2 Ne5 13. Nxe5 Bxe5 14. d4 Bd6 15.
Nc3 Bh3 16. Bd2 Bxg2 17. Kxg2 c6 18. Rc1 Qf5 19. Qe2 Re6 20. h3 Qg6 21. f4 Nh5
22. Qf3 Qd3 23. Rfd1 Nf6 24. f5 Re7 25. g4 Ne4 26. Be1 Qa6 27. b5 Qxa3 28. Qe2
Bc7 29. Nxe4 Rxe4 30. Rc3 Qe7 31. bxc6 bxc6 32. Bf2 Qd6 33. Rh1 a5 34. Qf3 Qd7
35. Bg3 Bd8 36. Rhc1 Ra6 37. Qe2 Qb7 38. Kg1 Bg5 39. h4 Bf6 40. Qd1 Be7 41. Rb1
Qd7 42. Rcb3 Bb4 43. Qe2 Rb6 44. Be1 Qe7 45. Bxb4 Rxb4 46. Rxb4 axb4 47. Ra1 h6
48. Ra8+ Kh7 49. g5 Rxe3 50. Qg4 Re1+ 51. Kg2 Qe2+ 52. Qxe2 Rxe2+ 53. Kf3 Re4
54. Rf8 Rxh4 55. f6 hxg5 56. Rxf7 Kg6 57. Rxg7+ Kxf6 58. Rc7 Rxd4 59. Rxc6+ Kf5
60. Rc5 b3 61. Rb5 g4+ 62. Kg3 Rd3+ 63. Kf2 g3+ 64. Kg2 Kf4 65. Rb4+ d4 66. Rb8
Rd2+ 67. Kh3 Rh2# 0-1

[Event "Russian Championship G15 1st league 2016"]
[Site "Loo"]
[Date "2016.04.22"]
[Round "3.1"]
[White "Hilova, Vlada"]
[Black "Plaksina, Sofya"]
[Result "1-0"]
[WhiteElo "1852"]
[BlackElo "1630"]
[PlyCount "65"]
[EventDate "2016.04.20"]

1. d4 d5 2. c4 Bf5 3. Nc3 e6 4. cxd5 exd5 5. Bf4 c6 6. e3 Bd6 7. Bxd6 Qxd6 8.
Nf3 Nd7 9. Nh4 Be6 10. Bd3 Ne7 11. O-O O-O 12. f4 Nf6 13. h3 Rfe8 14. g4 Bc8
15. Qf3 Ng6 16. Ng2 Qe7 17. f5 Nf8 18. g5 Ne4 19. f6 Qe6 20. fxg7 Ng6 21. Bxe4
dxe4 22. Nxe4 Re7 23. Nf6+ Kxg7 24. h4 Kh8 25. Qh5 Nf8 26. Qh6 Bd7 27. Rf3 Qc4
28. Nf4 Qc2 29. Rf2 Qf5 30. e4 Qb5 31. N4h5 Qxg5+ 32. hxg5 Rxe4 33. Qg7# 1-0